|
|
|
|
| LEADER |
01213nam a2200349 a 4500 |
| 001 |
000022859 |
| 003 |
CZ BrMZK |
| 005 |
20220628133407.0 |
| 007 |
ta |
| 008 |
950313s1995 xr g j cze d |
| 020 |
|
|
|a 80-237-2300-6
|
| 040 |
|
|
|a BOA001
|b cze
|
| 041 |
1 |
|
|a cze
|h ger
|
| 072 |
|
7 |
|a 821.112.2-3
|x Německá próza, německy psaná
|2 Konspekt
|9 25
|
| 080 |
|
|
|a 821.112.2-32
|2 MRF
|
| 080 |
|
|
|a (0:82-322.5)
|2 MRF
|
| 100 |
1 |
|
|a Daniger, Margot
|7 xx0082365
|4 aut
|
| 245 |
1 |
0 |
|a Čaj o páté /
|c Margot Danigerová ; z německého originálu přeložil Josef Janoušek
|
| 250 |
|
|
|a Vyd. 1.
|
| 260 |
|
|
|a Praha :
|b I. Železný,
|c 1995
|
| 300 |
|
|
|a 60 s. ;
|c 18 cm
|
| 490 |
1 |
|
|a Šlechtická romance ;
|v 8 (8/95)
|
| 490 |
1 |
|
|a Knihovnička Večerů pod lampou ;
|v 1651
|
| 655 |
|
7 |
|a německé povídky
|7 fd132942
|2 czenas
|
| 655 |
|
7 |
|a milostné povídky
|7 fd132834
|2 czenas
|
| 700 |
1 |
|
|a Janoušek, Josef
|7 jx20040817006
|
| 765 |
0 |
|
|t Fünf-Uhr-Tee auf Schloss Falkenau
|
| 830 |
|
0 |
|a Šlechtická romance
|
| 830 |
|
0 |
|a Knihovnička Večerů pod lampou
|
| 910 |
|
|
|a BOA001
|b 1-1010.171
|
| 990 |
|
|
|a BK
|
| 996 |
6 |
|
|b 2610022806
|c 1-1010.171
|l MZK
|r Sklad / do 1 hodiny
|n 3
|p p.v.
|w 000022859
|u 000010
|a 1
|e BOA001
|j MZK50
|s P
|